[Event "AUTO-INT-3171"]
[Site "http://www.queenalice.com/game.php?id=1440341"]
[Date "2016.9.9"]
[Round "1"]
[White "MONTENEGRO"]
[Black "reivipviana"]
[Result "1-0"]
[WhiteElo "1664"]
[BlackElo "1417"]

1. Nc3 c6 2. Nf3 f6 3. e4 e5 4. d4 d6 5. dxe5 fxe5 6. Bc4 Ne7 7. Ng5 Rg8 8. Bf7+
Kd7 9. Bxg8 Nxg8 10. O-O h6 11. Nf3 b5 12. Nxe5+ Kc7 13. Nxc6 Nxc6 14. Nd5+ Kb8
15. Bf4 Be6 16. c3 g5 17. Bg3 Bxd5 18. Qxd5 Nf6 19. Qxc6 Nxe4 20. Qxe4 Qc7 21.
Rad1 h5 22. h4 gxh4 23. Bxh4 a5 24. Qe8+ Kb7 25. Qxb5+ Kc8 26. Rfe1 Be7 27. Qe8+
Kb7 28. Qxe7 Qxe7 29. Rxe7+ Kb6 30. a4 Rc8 31. Rxd6+ Kc5 32. Ra6 Rd8 33. Rc7+
Kd5 34. Bxd8 1-0

[Event "AUTO-INT-3171"]
[Site "http://www.queenalice.com/game.php?id=1440342"]
[Date "2016.9.9"]
[Round "1"]
[White "reivipviana"]
[Black "MONTENEGRO"]
[Result "1-0"]
[WhiteElo "1409"]
[BlackElo "1687"]

1. e4 c5 2. c4 Nc6 3. Bd3 e5 4. Nf3 Nf6 5. O-O Be7 6. Nc3 O-O 7. b3 Nd4 8. Nxd4
cxd4 9. Ne2 b6 10. f3 d6 11. Ba3 Nh5 12. g4 Nf4 13. Nxf4 exf4 14. Qe1 Bb7 15. b4
a5 16. bxa5 Rxa5 17. Bb4 Ra8 18. a4 Bh4 19. Qd1 h5 20. e5 dxe5 21. Bxf8 Qxf8 22.
Rb1 Qc5 23. Rb5 Qc6 24. Be4 Qc7 25. Bxb7 Qxb7 26. c5 Be7 27. Rxb6 Qd5 28. c6 Bc5
29. Rb5 Qxc6 30. gxh5 d3+ 31. Kh1 Bd4 32. Qb1 Qc2 33. Qb4 Qc8 34. Qa3 Qh3 35.
Qxd3 Rxa4 36. Rb8+ 1-0

[Event "AUTO-INT-3171"]
[Site "http://www.queenalice.com/game.php?id=1440353"]
[Date "2016.9.9"]
[Round "1"]
[White "ismaelfln"]
[Black "reivipviana"]
[Result "0-1"]
[WhiteElo "1359"]
[BlackElo "1390"]

1. e4 e5 2. Nf3 f6 3. Bc4 Ne7 4. O-O Ng6 5. d4 d6 6. dxe5 Nxe5 7. Nxe5 fxe5 8.
Nc3 c6 9. b4 g6 10. b5 c5 11. Qf3 Qd7 12. Nd5 Be7 13. Nf6+ Bxf6 14. Qxf6 Rf8 15.
Qe6+ Qxe6 16. Bxe6 Bxe6 17. Bh6 Rf6 18. Bg5 Rf7 19. a4 Bc4 20. Rfd1 Kd7 21. g3
Be2 22. Rd2 Bf3 0-1

[Event "AUTO-INT-3171"]
[Site "http://www.queenalice.com/game.php?id=1440354"]
[Date "2016.9.9"]
[Round "1"]
[White "reivipviana"]
[Black "ismaelfln"]
[Result "1-0"]
[WhiteElo "1405"]
[BlackElo "1344"]

1. e4 e5 2. Nf3 Nc6 3. c3 Nf6 4. Bd3 Bc5 5. b4 Bb6 6. b5 Na5 7. Nxe5 d6 8. Nf3
Bg4 9. O-O Bxf3 10. Qxf3 O-O 11. h3 d5 12. e5 Nd7 13. Qh5 g6 14. Qf3 Nxe5 15.
Qe2 Qf6 16. Kh1 Rae8 17. Ba3 Nec4 18. Qd1 Nxa3 19. Nxa3 Bxf2 20. Qe2 Rxe2 21.
Bxe2 c6 22. bxc6 bxc6 23. d4 Re8 24. Rae1 Re3 25. Nc2 1-0

[Event "AUTO-OPEN-3703"]
[Site "http://www.queenalice.com/game.php?id=1440662"]
[Date "2016.9.11"]
[Round "1"]
[White "adrb"]
[Black "reivipviana"]
[Result "1-0"]
[WhiteElo "2219"]
[BlackElo "1379"]

1. d4 d5 2. c4 dxc4 3. Nc3 Nc6 4. Nf3 f6 5. e4 g5 6. h3 h5 7. Bxc4 a6 8. Be3 b5
9. Bd3 Nb4 10. d5 Nxd3+ 11. Qxd3 e6 12. O-O c6 13. Rfd1 cxd5 14. exd5 exd5 15.
Qg6+ Ke7 16. Nxd5+ Kd6 17. Nb6+ Ke7 18. Bc5+ Ke6 19. Re1# 1-0

[Event "AUTO-OPEN-3703"]
[Site "http://www.queenalice.com/game.php?id=1440663"]
[Date "2016.9.11"]
[Round "1"]
[White "reivipviana"]
[Black "adrb"]
[Result "0-1"]
[WhiteElo "1419"]
[BlackElo "2221"]

1. e4 e5 2. Nf3 Nf6 3. Bd3 Nc6 4. c3 d5 5. Ng5 Be7 6. O-O O-O 7. b4 h6 8. b5 Na5
9. Nh3 dxe4 10. Bc2 Bxh3 11. gxh3 Qd7 12. Ba4 Qxh3 13. f3 Bc5+ 14. d4 exd4 15.
Kf2 dxc3+ 16. Ke2 exf3+ 17. Rxf3 Rfe8+ 18. Kd3 Rad8+ 19. Kc2 Qg2+ 20. Nd2 Ne4
21. Kb1 Nxd2+ 22. Bxd2 Rxd2 23. Qxd2 Re1+ 24. Kc2 Qxd2# 0-1

[Event "AUTO-OPEN-3703"]
[Site "http://www.queenalice.com/game.php?id=1440684"]
[Date "2016.9.11"]
[Round "1"]
[White "bouley"]
[Black "reivipviana"]
[Result "1-0"]
[WhiteElo "2006"]
[BlackElo "1381"]

1. e4 e5 2. Bc4 Nh6 3. d3 Bd6 4. Bxh6 Bb4+ 5. Bd2 Bxd2+ 6. Qxd2 O-O 7. Nf3 c6 8.
Nxe5 d5 9. exd5 Qe8 10. Qe2 Qe7 11. Nc3 Re8 12. d4 f6 13. d6+ Qe6 14. Bxe6+ Rxe6
15. O-O Rxd6 16. Nf3 Bg4 17. Qe8# 1-0

[Event "AUTO-OPEN-3703"]
[Site "http://www.queenalice.com/game.php?id=1440685"]
[Date "2016.9.11"]
[Round "1"]
[White "reivipviana"]
[Black "bouley"]
[Result "0-1"]
[WhiteElo "1411"]
[BlackElo "1910"]

1. e4 Nc6 2. c3 d5 3. Nf3 dxe4 4. Nh4 g5 5. Nf3 exf3 6. Qxf3 Nf6 7. Qe3 Qd5 8.
c4 Qe5 9. Qxe5 Nxe5 10. Be2 Bg7 11. O-O O-O 12. d4 Ng6 13. Bxg5 Bf5 14. Bxf6
Bxf6 15. g4 Bd7 16. Rd1 Nf4 17. Bf1 Bxg4 18. Re1 Nh3+ 19. Bxh3 Bxh3 20. Nd2 Kh8
21. Kh1 Rg8 22. Ne4 Bg2+ 23. Kg1 Bxe4+ 24. Kf1 Bd3+ 25. Re2 Bxc4 26. Ke1 Rg1+
27. Kd2 Rxa1 28. Kc3 Bxe2 29. h3 Rd8 30. b3 Bxd4+ 31. Kd2 Rxa2+ 0-1

[Event "AUTO-OPEN-3703"]
[Site "http://www.queenalice.com/game.php?id=1440696"]
[Date "2016.9.11"]
[Round "1"]
[White "Narizinho"]
[Black "reivipviana"]
[Result "0-1"]
[WhiteElo "1190"]
[BlackElo "1426"]

1. e4 e5 2. Nf3 f6 3. Nc3 c6 4. Be2 g5 5. O-O Ne7 6. d3 Bg7 7. Bd2 b5 8. a3 O-O
9. b4 a5 10. bxa5 Rxa5 11. Be3 g4 12. Nh4 b4 13. axb4 Rxa1 14. Qxa1 Na6 15. Nf5
Nxf5 16. exf5 Nxb4 17. Qa4 Nd5 18. Bc5 d6 19. Qc4 Rf7 20. Bxg4 Bxf5 21. Bxf5
dxc5 22. Qxc5 Nxc3 23. Qxc3 Qd5 24. Qa3 Bf8 25. c4 Qd4 26. Be6 Qf4 27. Bxf7+
Kxf7 28. Qa6 Bc5 29. Qxc6 Bxf2+ 30. Kh1 Kg6 31. c5 h5 0-1

[Event "AUTO-OPEN-3703"]
[Site "http://www.queenalice.com/game.php?id=1440697"]
[Date "2016.9.11"]
[Round "1"]
[White "reivipviana"]
[Black "Narizinho"]
[Result "1-0"]
[WhiteElo "1377"]
[BlackElo "1310"]

1. e4 e5 2. Nf3 Nf6 3. Bd3 Nc6 4. c3 Be7 5. O-O O-O 6. b4 a5 7. b5 Na7 8. Nxe5
c6 9. bxc6 dxc6 10. c4 b5 11. cxb5 cxb5 12. Nc3 b4 13. Nd5 Nxd5 14. exd5 Bd6 15.
Qh5 Bxe5 16. Qxh7# 1-0

[Event "AUTO-OPEN-3729"]
[Site "http://www.queenalice.com/game.php?id=1450805"]
[Date "2016.11.18"]
[Round "1"]
[White "clovis"]
[Black "reivipviana"]
[Result "1-0"]
[WhiteElo "1997"]
[BlackElo "1434"]

1. e4 e5 2. Bc4 Nf6 3. Nc3 c6 4. Nf3 b5 5. Bb3 b4 6. Na4 Nxe4 7. O-O Bd6 8. Re1
f5 9. d3 Nc5 10. Nxc5 Bxc5 11. Rxe5+ Be7 12. Bg5 d6 13. Rxe7+ 1-0

[Event "AUTO-OPEN-3729"]
[Site "http://www.queenalice.com/game.php?id=1450806"]
[Date "2016.11.18"]
[Round "1"]
[White "reivipviana"]
[Black "clovis"]
[Result "0-1"]
[WhiteElo "1432"]
[BlackElo "1999"]

1. e4 e5 2. Nf3 Nc6 3. c3 Bc5 4. b4 Bb6 5. b5 Nb8 6. Nxe5 Qe7 7. f4 d6 8. Nc4
Qxe4+ 9. Be2 Qxg2 10. Rf1 Nf6 11. Nxb6 axb6 12. Ba3 O-O 0-1

[Event "AUTO-OPEN-3729"]
[Site "http://www.queenalice.com/game.php?id=1450833"]
[Date "2016.11.18"]
[Round "1"]
[White "solzhenitsyn"]
[Black "reivipviana"]
[Result "1-0"]
[WhiteElo "2137"]
[BlackElo "1428"]

1. d4 d5 2. c4 Be6 3. cxd5 Bf5 4. Nc3 e6 5. e4 Bg6 6. dxe6 fxe6 7. Bb5+ c6 8.
Bc4 b5 9. Bxe6 Ne7 10. Nf3 b4 11. Ne2 Bxe4 12. Ne5 Bxg2 13. Bf7# 1-0